000 00626nam a2200193 a 4500
001 000023794
005 20200930022455.0
008 110113s1973 ch r 000 | spa d
040 _aDO-SdBNP
_bspa
_cBNPHU
082 _axxx
_bS546t, 1973
100 1 _aSheng, Wang
_948978
245 1 0 _aTeoría y práctica de la guerra política /
_cSheng Wang; traducción Chang de Kuan-t'Sao; introducción de Chian Chien-jen.
250 _a5a ed.
260 _aTaipei, Taiwan :
_b[s.n.],
_c1973.
300 _a201 p. ;
_c21 cm.
700 1 _aChang de Kuan-t'Sao
_etr
_948979
700 1 _aChian Chien-jen
_eintrod.
_948980
049 _aBNGR
999 _c23290
_d23290